Секвестирование оксида азота при сжигании влажных углей; Бутаковские чтения

Dettagli Bibliografici
Parent link:Бутаковские чтения.— 2023.— С. 343-344
Autore principale: Косторева Ж. А. Жанна Андреевна
Ente Autore: Национальный исследовательский Томский политехнический университет
Altri autori: Омаров А. А. (научный руководитель), Елеусизов А. Г., Сыродой С. В. Семен Владимирович
Riassunto:Текстовый файл
Lingua:russo
Pubblicazione: 2023
Serie:Экологические проблемы энергетики
Soggetti:
Accesso online:http://earchive.tpu.ru/handle/11683/77658
Natura: MixedMaterials Elettronico Capitolo di libro
KOHA link:https://koha.lib.tpu.ru/cgi-bin/koha/opac-detail.pl?biblionumber=671159

MARC

LEADER 00000naa2a2200000 4500
001 671159
005 20260126150608.0
090 |a 671159 
100 |a 20240305d2023 k||y0rusy50 ca 
101 0 |a rus 
102 |a RU 
135 |a drcn ---uucaa 
200 1 |a Секвестирование оксида азота при сжигании влажных углей  |f Ж. А. Косторева, А. А. Омаров, А. Г. Елеусизов  |g науч. рук. С. В. Сыродой ; Национальный исследовательский Томский политехнический университет 
225 |a Экологические проблемы энергетики 
283 |2 RDAcarrier 
320 |a Список использованных источников: с. 344 
336 |a Текстовый файл 
463 1 |0 670860  |9 670860  |c Томск  |d 2023  |n Изд-во ТПУ  |o сборник статей III Всероссийской с международным участием молодёжной конференции, 12-14 декабря 2023 г., Томск  |t Бутаковские чтения  |a Ивашутенко, А. С. (специалист в области электротехники ; 1981-)  |u conference_tpu-2023-C133.pdf  |v С. 343-344 
610 1 |a труды учёных ТПУ 
610 1 |a электронный ресурс 
610 1 |a сжигание 
610 1 |a оксид азота 
700 1 |a Косторева  |b Ж. А.  |c специалист в области теплоэнергетики  |c инженер Томского политехнического университета  |f 1994-  |g Жанна Андреевна  |y Томск  |9 22103 
701 1 |a Омаров  |b А. А. 
701 1 |a Елеусизов  |b А. Г. 
702 1 |a Сыродой  |b С. В.  |c специалист в области теплотехники  |c профессор Томского политехнического университета, доктор технических наук  |f 1988-  |g Семен Владимирович  |4 727  |9 17231 
712 0 2 |a Национальный исследовательский Томский политехнический университет  |c (2009- )  |9 26305 
801 0 |a RU  |b 63413507  |c 20240305 
850 |a 63413507 
856 |u http://earchive.tpu.ru/handle/11683/77658  |z http://earchive.tpu.ru/handle/11683/77658 
942 |c CF